000
00274nmm a2200097Ia 4500
008
220120s9999||||xx |||||||||||||||||und||
082
_a
00 5.133 BON
100
_a
Bondy, Richard
_9
3557
245
0
_a
Cryptography for visual basic: aprogrammers guide to the mic
260
_c
2002
999
_c
139024
_d
139024